000 00599nam a2200181Ia 4500
003 GCL
008 140319s9999 xx 000 0 ara d
040 _aGCL /
_cGCL
082 0 4 _a813.008
_bا خ
100 1 _aاحمد ابراهيم الفقيه
245 1 0 _aخمس خنافس تحاكم الشجرة /
_cاحمد ابراهيم الفقيه
300 _a95 ص
490 _aالاعمال الكاملة
_v0
650 0 4 _aالادب العربى
650 0 4 _aالقصص العربية - مجموعات
650 0 4 _aالقصص العربية القصيرة - ليبيا
942 _2ddc
_cBK
999 _c49742
_d49742